000 00485nam a2200169Ia 4500
999 _c22512
_d22512
003 OSt
005 20200319105119.0
008 190216s9999||||xx |||||||||||||| ||und||
020 _a8172046448
040 _coclc
082 _a920
_bADI/T
100 _aAdiyar, Abdulla
_92069
245 0 _aThadavarayilninnu Palliyilekku /
_cAbdulla Adiyar
260 _bDayalogue Centre Kerala,
_c2003.
_aCalicut:
300 _a62p
942 _cBK
_2ddc
_h920
_iADI/T
_k920
_mADI/T